000 01077nac a22003011i 4500
003 EG-ScBUE
005 20241111151623.0
008 241111t1993 nyua f b 001 0 eng d
020 _a047150999X
020 _a9780471509998
040 _aEG-ScBUE
_beng
_erda
_cEG-ScBUE
_dEG-ScBUE
082 0 4 _a519.4
_bATK
_222
100 1 _aAtkinson, Kendall E.,
_eauthor.
245 1 0 _aElementary numerical analysis /
_cKendall Atkinson, University of Iowa.
250 _aSecond edition.
264 1 _aNew York :
_bJohn Wiley & Sons, Inc.,
_c[1993]
264 4 _cc1993
300 _axiii, 425 pages :
_billustrations ;
_c25 cm
336 _2rdacontent
_atext
_btxt
337 _aunmediated
_2rdamedia
_bn
338 _avolume
_bnc
_2rdacarrier
504 _aIncludes bibliographical references and index.
650 7 _aNumerical analysis.
_2BUEsh
655 _vReading book
856 4 2 _3Publisher description
_uhttp://www.loc.gov/catdir/description/wiley032/92030897.html
856 4 2 _3Table of Contents
_uhttp://www.loc.gov/catdir/toc/onix03/92030897.html
942 _cBB
_2ddc
999 _c9295
_d9295